Responses for Show #3673 - Wednesday, July 19, 2000

Tad Carithers game 4.

Contestants

[<< previous game]

Matt Landig, a tutor and actor from Los Angeles, California

Lisa Stevens, a physician from New York City, New York

Tad Carithers, an attorney from Atlanta, Georgia (whose 3-day cash winnings total $38,300)

[next game >>]

Jeopardy! Round responses

GENERAL SCIENCE
GETTING POSSESSIVE
FLAGS OF THE WORLD
ARCHITECTS
1994 FILMS
THE EYES HAVE IT
    $100 15
Enamel

Tad
    $100 22
Mrs. O'Leary's cow

Tad
    $100 1
Great Britain/England

Lisa
    $100 16
World Trade Center

Lisa
    $100 3
Pulp Fiction

Tad
    $100 2
Pupil

Matt
    $200 18
Half-life

Tad
    $200 23
Pike's Peak

Lisa
    $200 4
India

Matt
    $200 27
San Francisco

Tad
    $200 5
Speed

Matt
    $200 12
Lash

Lisa
    $300 19
Iodine

Lisa
    $300 24
Adam's rib

Tad
    $300 9
Cuba

Matt
    $300 28
Boston

Tad
    $300 6
The Flintstones

Tad
    $300 13
Socket

Lisa
    $400 20
(T: What are novas?)

Red giants

Tad
Triple Stumper
    $400 25
Martha's Vineyard

Lisa
    $400 10
Germany

Matt
    $400 29
Air & Space Museum

Lisa
    $400 7
The Lion King

Tad
    $400 14
Iris

Tad
    $500 21
Neutral

Lisa
    $500 26
Aaron's rod (turned into a snake)

Triple Stumper
    $500 11
Greece

Tad
    $500 30
Oak Ridge

Tad
    $800 8
Quiz Show

Tad
    $500 17
(T: What are blinders?)
(Alex: Although that's not a bad idea!)

Contacts

Tad
Triple Stumper

Scores at the first commercial break (after clue 15):

Tad Lisa Matt
$2,600 $600 $1,200

Scores at the end of the Jeopardy! Round:

Tad Lisa Matt
$3,300 $2,500 $1,200

Double Jeopardy! Round responses

ALASKA
INTERNATIONAL SPORTSMEN
DRAMA QUEENS
ANGELS
IN EXILE
THE "I"s HAVE IT
    $200 20
(T: What is brown?)

Polar bears

TadLisa
    $200 19
Michael Jordan

Matt
    $200 2
Helen

Lisa
    $200 16
Michael

Tad
    $200 8
Mexico

Matt
    $200 1
Ink

Matt
    $400 21
Governor

Tad
    $400 22
Soccer

Tad
    $400 4
Cleopatra

Matt
    $400 17
harps

Tad
    $400 11
Johannes Gutenberg

Tad
    $400 3
Impressionism

Matt
    $600 28
Fairbanks

Tad
    $600 23
Ping-pong

Lisa
    $600 5
Elizabeth I

Matt
    $600 18
Angel Eyes

Triple Stumper
    $600 12
(T: What is Greenland?)
(Alex: He left Iceland, went to Greenland)

Iceland

TadMatt
    $600 9
Ibn

Matt
    $800 29
(Alex: We have some good news for Lisa - your response a little while ago of the intransitive verb "impend" for "imminent" is acceptable, so we're giving you $1600 back)

"The Last Frontier", "The Great Land", or "North to the Future"

Tad
    $800 24
Garry Kasparov

Tad
    $1,500 6
Victoria

Matt
    $800 26
Guardian Angels

Lisa
    $800 14
(L: What is Great Britain?)

Ottoman Empire

TadLisa
    $800 10
(L: What is impend?)

Imminent

TadLisa
    $1000 30
(M: Who is Bering?)
(Alex: And I was hoping you or Lisa would come up with a correct response so Tad wouldn't make this game a runaway, but we'll see what happens!)

William Seward

Matt
Triple Stumper
    $1000 25
(L: What is cricket?)

Rugby

Lisa
Triple Stumper
    $1000 7
Isabella

Tad
    $1000 27
Angel of Death

Tad
    $1000 15
Lesotho

Triple Stumper
    $1000 13
Inflation

Lisa

Scores at the end of the Double Jeopardy! Round:

Tad Lisa Matt
$10,100 $4,300 $4,900
(lock game)

[wagering suggestions for these scores]

Final Jeopardy! Round responses

THE MAP OF EUROPE
(Alex: Tad, we'll see you back here tomorrow as you try to become a five-time champion--it should be exciting!)
LisaWhat is Serbia?
$4,299
MattWhat is Serbia?
$100
TadWhat is Slovenia?
$100
Slovenia

Final scores:

Tad Lisa Matt
$10,200 $1 $4,800
4-day champion: $48,500 3rd place: a 1-800 gift certificate 2nd place: a trip to Atlantis Paradise Resort & Casino, Bahamas

Game dynamics:

Coryat scores:

Tad Lisa Matt
$9,800 $4,300 $4,200
25 R
(including 2 DDs),
4 W
15 R,
2 W
14 R
(including 1 DD),
1 W

Combined Coryat: $18,300

[game clues] [game scores] [suggest correction]

Game tape date: 2000-04-13
The J! Archive is created by fans, for fans. Scraping, republication, monetization, and malicious use prohibited; this site may use cookies and collect identifying information. See terms. The Jeopardy! game show and all elements thereof, including but not limited to copyright and trademark thereto, are the property of Jeopardy Productions, Inc. and are protected under law. This website is not affiliated with, sponsored by, or operated by Jeopardy Productions, Inc. Join the discussion at JBoard.tv.